Municipis de la comarca de la Garrotxa amb mapa (Catalunya) - Statistics

General Stats
  • This quiz has been taken 82 times
  • The average score is 12 of 21
Answers on the Map
Answers color-coded by a green-red scale on the quiz's map according to % correct below.
 
Answer Stats
Answer % Correct
La Vall d'en Bas
75%
Montagut i Oix
75%
La Vall de Bianya
72%
Sant Aniol de Finestres
72%
Beuda
67%
Olot
64%
Besalú
61%
Castellfollit de la Roca
61%
Tortellà
61%
Argelaguer
58%
Maià de Montcal
58%
Sales de Llierca
58%
Les Preses
56%
Les Planes d'Hostoles
53%
Santa Pau
53%
Sant Feliu de Pallerols
53%
Sant Ferriol
53%
Mieres
50%
Sant Jaume de Llierca
50%
Riudaura
47%
Sant Joan les Fonts
47%
No matching quizzes found
Score Distribution
Percent of People with Each Score
Percentile by Number Answered
Your Score History
You have not taken this quiz